Selva e Chuva (Record no. 62084)

MARC details
000 -LÍDER
campo de controle de tamanho fixo 00337 a2200157 4500
001 - NÚMERO DE CONTROLE
campo de controle 62084
020 ## - ISBN - INTERNATIONAL STANDARD BOOK NUMBER
ISBN - International Standard Book Number 8570564341
040 ## - FONTE DA CATALOGAÇÃO
Instituição que transcreveu o registro Anchieta - Pituba
100 ## - ENTRADA PRINCIPAL--NOME PESSOAL
Nome pessoal Silva, Antônio de Pádua e
240 10 - TÍTULO UNIFORME
Título uniforme Selva e Chuva
Idioma da obra por
245 10 - TÍTULO
Título Selva e Chuva
300 ## - DESCRIÇÃO FÍSICA
Extensão 90
362 0# - DATAS DE PUBLICAÇÃO E/OU DESIGNAÇÃO SEQUENCIAL
Datas de publicação e/ou designação sequencial 1992
650 #4 - ASSUNTO--TERMO TÓPICO
Cabeçalho tópico ou nome geográfico Literatura juvenil
942 ## - ELEMENTOS DE ENTRADA ADICIONADOS (KOHA)
Tipo de material Koha Livros
Holdings
Situação do descarte Situação das perdas Situação física Não pode ser emprestado Biblioteca de origem Biblioteca atual Data de aquisição Total de empréstimos Número de chamada completo Código de barras Data de último acesso Data do preço efetivo Tipo de material Koha
        Colégio Anchieta - Pituba Colégio Anchieta - Pituba 21/11/2023   LJ 028.5 S586s SIL SEL 14531/PIT 21/11/2023 21/11/2023 Livros